Les cellules photo-electriques et leurs applications / (Record no. 130205)

MARC details
000 -LEADER
campo de control de longitud fija 00649nam a2200193 i 4500
001 - NÚMERO DE CONTROL
campo de control 130205
003 - IDENTIFICADOR DE NÚMERO DE CONTROL
campo de control ES-MaACL
005 - FECHA Y HORA DE LA ÚLTIMA TRANSACCIÓN
campo de control 20230906193653.0
007 - CAMPO FIJO DE DESCRIPCIÓN FÍSICA--INFORMACIÓN GENERAL
campo de control de longitud fija t|
008 - DATOS DE LONGITUD FIJA--INFORMACIÓN GENERAL
campo de control de longitud fija 070723s1931 fr ||||1| fre d
100 1# - ENTRADA PRINCIPAL--NOMBRE DE PERSONA
Nombre de persona Zworykin, V. K.
9 (RLIN) 118568
245 14 - MENCIÓN DEL TÍTULO
Título Les cellules photo-electriques et leurs applications /
Mención de responsabilidad, etc. par V. K. Zworykin et E. D. Wilson ; traduit de l'anglais par G. Malgorn.
260 ## - PUBLICACIÓN, DISTRIBUCIÓN, ETC.
Lugar de publicación, distribución, etc. Paris :
Nombre del editor, distribuidor, etc. Dunod,
Fecha de publicación, distribución, etc. 1931 (
Lugar de fabricación/manufactura Orleans :
Fabricante H. Tessier)
300 ## - DESCRIPCIÓN FÍSICA
Extensión VI, 177 :
Otras características físicas il. p. ;
Dimensiones 25 cm.
650 14 - PUNTO DE ACCESO ADICIONAL DE MATERIA--TÉRMINO DE MATERIA
Término de materia o nombre geográfico como elemento de entrada Células fotoeléctricas.
9 (RLIN) 10872
700 1# - ENTRADA AGREGADA--NOMBRE PERSONAL
Nombre de persona Malgorn, G.
9 (RLIN) 75764
700 1# - ENTRADA AGREGADA--NOMBRE PERSONAL
Nombre de persona Wilson, E. D.
9 (RLIN) 117022
852 ## - LOCALIZACIÓN
Ubicación ES-MaACL
Número de control de estantería A-1475
Holdings
Estatus retirado Estado de pérdida Estado de daño No para préstamo Biblioteca de origen Biblioteca actual Ubicación en estantería Fecha de adquisición Fuente de adquisición Total de préstamos Signatura topográfica completa Código de barras Visto por última vez Precio de reemplazo Tipo de ítem Koha
        Biblioteca del Ateneo de Madrid Biblioteca del Ateneo de Madrid Sala Pecera Planta 1 17/01/2008     A-1475 1135574 23/02/2023 23/02/2023 Libro impreso